000 00342 a2200169 4500
001 192506
020 _a978-85-08-17288-7
040 _cMagnum
100 _aFrança, Mary
240 1 0 _aDia e noite
_lpor
245 1 0 _aDia e noite
300 _a16
362 0 _a2015
440 1 _aÁtica
697 _aLITERATURA INFANTIL
942 _cBK
999 _c192506
_d192506